| 000 | 00610nam a22001697a 4500 | ||
|---|---|---|---|
| 020 | _qHard Cover. | ||
| 082 | _a621.3 | ||
| 100 | _aRiaz, Amjad | ||
| 245 |
_aFast Neighbor Discovery for mmWave Directional Device-to-Device Communication Using Polya Necklaces / _cAmjad Riaz. |
||
| 260 |
_aIslamabad: _bSEECS - NUST, _c2018. |
||
| 300 |
_a43 p. : _bill. ; _c30cm. _e+CD |
||
| 650 |
_aElectrical Engineering MS-Thesis. _916073 |
||
| 700 |
_aDr. Sajid Saleem _919765 |
||
| 856 | _uhttp://10.250.8.41:8080/xmlui/handle/123456789/17811 | ||
| 942 |
_2ddc _cTHE |
||
| 999 |
_c533164 _d533164 |
||